Statistics for 20 Most Streamed Songs from 2017 on Spotify

Click here to take the quiz!

General Stats

  • This quiz has been taken 128 times
    (106 since last reset)
  • The average score is 14 of 20

Answer Stats

ArtistSong% Correct
Ed SheeranShape of You
100%
Ed SheeranPerfect
100%
Imagine DragonsBeliever
88%
Imagine DragonsThunder
88%
Shawn MendesThere's Nothing Holdin' Me Back
86%
Shawn MendesTreat You Better
86%
Dua LipaIDGAF
84%
Dua LipaNew Rules
84%
Luis FonsiDespacito
83%
Luis FonsiDespacito - Remix
83%
Kendrick LamarHUMBLE.
75%
The ChainsmokersSomething Just Like This
65%
Sam SmithToo Good At Goodbyes
61%
KhalidYoung Dumb & Broke
54%
KhalidLocation
54%
Lil Uzi VertXO Tour Llif3
53%
ZAYNI Don't Wanna Live Forever
49%
MåneskinBeggin'
48%
Clean BanditSymphony
43%
KygoIt Ain't Me
30%

Score Distribution

Percentile by Number Answered

Percent of People with Each Score

Your Score History

You have not taken this quiz since the last reset